IFM Opac

Gudilines for project evalution (Record no. 15815)

MARC details
000 -LEADER
fixed length control field 00343nam a22001337a 4500
020 ## - INTERNATIONAL STANDARD BOOK NUMBER
International Standard Book Number 0000002423
082 ## - DEWEY DECIMAL CLASSIFICATION NUMBER
Classification number 332.678 UNI
100 ## - MAIN ENTRY--PERSONAL NAME
Personal name Unated national
245 ## - TITLE STATEMENT
Title Gudilines for project evalution
260 ## - PUBLICATION, DISTRIBUTION, ETC.
Place of publication, distribution, etc. New York
Name of publisher, distributor, etc. united national
Date of publication, distribution, etc. 1972
300 ## - PHYSICAL DESCRIPTION
Extent xvi, 383p.
Other physical details ill.:24CM
650 ## - SUBJECT ADDED ENTRY--TOPICAL TERM
Topical term or geographic name entry element Gudilines for project evalution
942 ## - ADDED ENTRY ELEMENTS (KOHA)
Koha item type Books
Holdings
Withdrawn status Lost status Source of classification or shelving scheme Damaged status Not for loan Home library Current library Shelving location Date acquired Full call number Barcode Date last seen Price effective from Koha item type
    Dewey Decimal Classification     IFM Main Campus Library IFM Main Campus Library   03/24/2016 332.678 UNI 0000002423 03/24/2016 02/19/2022 Books